| 000 | 00565cam a2200145 4500500 | ||
|---|---|---|---|
| 005 | 20251012015102.0 | ||
| 041 | _afre | ||
| 042 | _adc | ||
| 100 | 1 | 0 |
_aCordemoy, Laurent _eauthor |
| 245 | 0 | 0 | _aThierry Hoquet, Histoire (dé)coloniale de la philosophie française. De la Renaissance à nos jours. Presses universitaires de France, 2025, 336 pages, €23. |
| 260 | _c2025. | ||
| 500 | _a3 | ||
| 786 | 0 | _nÉtudes | - | 9 | 2025-09-01 | p. 135a-136 | 0014-1941 | |
| 856 | 4 | 1 | _uhttps://shs.cairn.info/journal-etudes-2025-9-page-135a?lang=en&redirect-ssocas=7080 |
| 999 |
_c1531983 _d1531983 |
||